NFL 75th and 100th All-Time Team - Statistics

General Stats
  • This quiz has been taken 107 times
  • The average score is 17 of 45
Answer Stats
Position Player % Correct
Joe Montana
86%
RB Jim Brown
74%
Johnny Unitas
74%
OT Rosey Brown
74%
Jerry Rice
73%
Walter Payton
70%
DT Joe Greene
60%
DE Deacon Jones
59%
QB Sammy Baugh
59%
Lawrence Taylor
58%
Otto Graham
58%
PR Billy "White Shoes" Johnson
56%
ILB Dick Butkus
56%
Gayle Sayers
49%
O.J. Simpson
49%
Reggie White
49%
Ronnie Lott
48%
Dick "Night Train" Lane
44%
P Ray Guy
44%
Anthony Munoz
43%
Jack Lambert
41%
Jack Ham
38%
Don Hutson
36%
Rod Woodson
36%
CB Mel Blount
35%
WR Lance Alworth
29%
OG John Hannah
26%
Mike Webster
26%
Larry Wilson
24%
Bob Lilly
23%
K Jan Stenerud
21%
OLB Chuck Bednarik
20%
Forrest Gregg
19%
Raymond Berry
18%
Merlin Olsen
15%
Gino Marchetti
13%
Jim Parker
13%
Willie Lanier
13%
S Ken Houston
11%
Mike Haynes
11%
Steve Van Buren
11%
Ted Hendricks
11%
Marion Motley
9%
C Mel Hein
9%
Cal Hubbard
6%
No matching quizzes found
Score Distribution
Percent of People with Each Score
Percentile by Number Answered
Your Score History
You have not taken this quiz